000
00328nam a2200157Ia 4500
100
_a
Theraja/Reema
650
_a
C
942
_c
BK
366
_f
25
245
_a
Data structures using C
260
_b
Oxford university press
_c
2011
082
_a
5.72
_b
THE
300
_a
656
546
_a
ENGLISH
_c
Computers
999
_c
23683
_d
23683